| 000 | 00492nam a22001937a 4500 | ||
|---|---|---|---|
| 040 | _aISFD N° 12 | ||
| 082 |
_aA863 _bHui |
||
| 100 | _aHuidobro Norma | ||
| 240 | _aEl lugar perdido | ||
| 245 | _aEl lugar perdido | ||
| 250 | _a1a. | ||
| 260 |
_aBuenos Aires _bArte grafico Editorial Argentino _c2007 |
||
| 300 | _a224p. | ||
| 650 | _aNarrativa Argentina | ||
| 942 |
_2ddc _cLIB |
||
| 999 |
_c7014 _d7014 |
||